logo

Bir Sreshtho Munshi Abdur Rouf Library
Jhenaidah Cadet College

Psychology of school learning / (Record no. 7630)

MARC details
000 -LEADER
fixed length control field 00684nam a22002532a 4500
001 - CONTROL NUMBER
JCCL Control Number 7630
003 - CONTROL NUMBER IDENTIFIER
JCCL marc code UkOxU
005 - DATE AND TIME OF LATEST TRANSACTION
control field 20180212133100.0
008 - FIXED-LENGTH DATA ELEMENTS--GENERAL INFORMATION
fixed length control field 500101s1971 nyua b 001 0 eng d
020 ## - INTERNATIONAL STANDARD BOOK NUMBER
International Standard Book Number 0471444006
035 ## - SYSTEM CONTROL NUMBER
system control number OCLC ocm00131863 from D951212M
040 ## - CATALOGING SOURCE
Original cataloging agency DLC
Transcribing agency DLC
Modifying agency EQO
041 ## - LANGUAGE CODE
Language code of Book eng
050 #0 - LIBRARY OF CONGRESS CALL NUMBER
Classification number LB1051
Item number .J584
082 ## - DEWEY DECIMAL CLASSIFICATION NUMBER
Classification number 370.152
Author mark and Year JOH 1971
100 1# - MAIN ENTRY--PERSONAL NAME
Personal name Johnson, Paul Erick,
Dates associated with a name 1938-
245 10 - TITLE STATEMENT
Title Psychology of school learning /
Statement of responsibility, etc [by] Paul E. Johnson
260 ## - PUBLICATION, DISTRIBUTION, ETC. (IMPRINT)
Place of publication, distribution, etc New York :
Name of publisher, distributor, etc Wiley,
Date of publication, distribution, etc [1971]
300 ## - PHYSICAL DESCRIPTION
Pagination vii, 124 p. :
Other physical details illus.
Dimensions 24 cm.
504 ## - BIBLIOGRAPHY, ETC. NOTE
Bibliography, etc Includes bibliographies
650 #0 - SUBJECT ADDED ENTRY--TOPICAL TERM
Topical term or geographic name as entry element Learning, Psychology of
942 ## - ADDED ENTRY ELEMENTS (KOHA)
Source of classification or shelving scheme Dewey Decimal Classification
Koha item type Books
Holdings
Source of classification or shelving scheme Damaged status Not for loan Home library Current library Shelving location Date of accession Total Checkouts Full call number Barcode Date last seen Copy number Koha item type
Dewey Decimal Classification     JCC Rouf Library JCC Rouf Library General Stacks 02/12/2018   370.152 JOH 1971 10145 02/12/2018 C - 1 Books

JCC Library | Contacts | JCC Home

Last Update on 23 September 2017
Copyright @ 2017-2020 JCC Rouf Library
Rouf Library, Jhenidah Cadet College (JCC), Bangladesh